zpět

Detail výsledku týmu

U Lucerny ST, Brno

Datum a čas kvízu

31.5 Celkem bodů Celkový počet nahraných bodů na tomto kvízu bez doplňovacích otázek.
8. Pořadí na kvízu Konečné umístění týmu na tomto kvízu.

Zaznamenané odpovědi

# Otázka Odpověď Body Výsledky
1. Která česká politická strana p... ODS 1
2. Několika desítkám jedinců jist... o lachtanech 0
3. Legendární britská hudební sku... Pink Floyd 1
4. Europoslanci vyslyšeli volání... množství vypuštěných emisí 0
5. Fotbalisté Slavie Praha po blá... Feyenoord Rotterdam 1
6. Jak se jmenuje tento bývalý br... Sasu Hovi, Finsko 1
7. Gólman je klíčovou součástí i... B) Irsko 0
8. Napište jméno jednoho z nejlep... Martin Galia 0
9. Český reprezentační florbalový... Lukáš Bauer 1
10. Přiřaďte správně jména fotbalo... 1B 2D 3C 4A 1